[Event "Paphos op 2nd"]
[Site "Paphos"]
[Date "2024.05.01"]
[Round "8"]
[White "Markidis, Konstantinos"]
[Black "Suder, Jakub"]
[Result "1-0"]
[WhiteElo "2279"]
[BlackElo "2333"]
[PlyCount "77"]
[EventDate "2024.04.26"]
[EventType "swiss"]
[EventRounds "9"]
[EventCountry "CYP"]
[SourceTitle "CB19_2024"]
[SourceDate "2024.05.08"]
[SourceVersion "1"]
[SourceVersionDate "2024.05.08"]
[SourceQuality "1"]

1. e4 c5 2. Nf3 d6 3. Bb5+ Nd7 4. c3 Ngf6 5. Bd3 e6 6. Bc2 b5 7. d4 Bb7 8. Nbd2 cxd4 9. cxd4 Rc8 10. 0-0 Be7 11. Re1 Qb6 12. Nf1 d5 13. e5 Ne4 14. Ng3 Nxg3 15. hxg3 h6 16. Be3 Nb8 17. Rc1 Nc6 18. Bb1 Kd7 19. Nd2 Na5 20. Qg4 g5 21. Rxc8 Rxc8 22. b3 Bf8 23. Qh5 Ke8 24. f4 Rc3 25. Nf3 gxf4 26. gxf4 Nc6 27. Bf2 Nb4 28. f5 Bc8 29. f6 Nc2 30. Bxc2 Rxc2 31. Be3 Qa5 32. Qg4 Qxa2 33. Qg8 Qxb3 34. Bxh6 Qb4 35. Rd1 Bd7 36. Kh1 Qa3 37. Rd3 Qb4 38. Rb3 Rxg2 39. Kxg2 1-0

[Event "Paphos op 2nd"]
[Site "Paphos"]
[Date "2024.04.30"]
[Round "7"]
[White "Dzida, Kamil"]
[Black "Markidis, Konstantinos"]
[Result "1/2-1/2"]
[WhiteElo "2403"]
[BlackElo "2279"]
[PlyCount "107"]
[EventDate "2024.04.26"]
[EventType "swiss"]
[EventRounds "9"]
[EventCountry "CYP"]
[SourceTitle "CB19_2024"]
[SourceDate "2024.05.08"]
[SourceVersion "1"]
[SourceVersionDate "2024.05.08"]
[SourceQuality "1"]

1. d4 Nf6 2. Nf3 e6 3. c4 d5 4. Nc3 c6 5. Bg5 Be7 6. e3 Nbd7 7. Qc2 h6 8. Bh4 0-0 9. Rd1 a6 10. a3 Qe8 11. cxd5 exd5 12. Bd3 Nh5 13. Bxe7 Qxe7 14. 0-0 Re8 15. Rfe1 Nhf6 16. e4 dxe4 17. Nxe4 Qf8 18. Nc3 Rxe1+ 19. Rxe1 Nb6 20. Qb3 Qd8 21. Bg6 Nbd5 22. Nxd5 Qxd5 23. Bc2 Rb8 24. Qxd5 cxd5 25. Ne5 Be6 26. Bb3 Rc8 27. Nd3 b6 28. h4 a5 29. f3 a4 30. Bxa4 Rc4 31. Bb5 Rxd4 32. g4 Ne8 33. Bxe8 Rxd3 34. Kf2 Kf8 35. Ba4 Rd4 36. Bc2 g5 37. hxg5 hxg5 38. Ke3 Rc4 39. Bd3 Rf4 40. b4 Ke7 41. Rb1 d4+ 42. Ke2 Bd5 43. Rf1 Kd6 44. a4 Rf6 45. a5 bxa5 46. bxa5 Re6+ 47. Kd2 Re3 48. f4 Rg3 49. fxg5 Rg2+ 50. Ke1 Rxg4 51. Rf6+ Ke5 52. Rf5+ Ke6 53. Rf6+ Ke5 54. Kf2 1/2-1/2

[Event "Kavala op 32nd"]
[Site "Kavala"]
[Date "2023.08.01"]
[Round "6"]
[White "Markidis, Konstantinos"]
[Black "Richter, Michael"]
[Result "1/2-1/2"]
[WhiteElo "2299"]
[BlackElo "2449"]
[PlyCount "81"]
[EventDate "2023.07.28"]
[EventType "swiss"]
[EventRounds "9"]
[EventCountry "GRE"]
[SourceTitle "CBM 215 Extra"]
[Source "ChessBase"]
[SourceDate "2023.09.30"]
[SourceVersion "1"]
[SourceVersionDate "2023.09.30"]
[SourceQuality "1"]

1. e4 e6 2. d4 d5 3. e5 c5 4. c3 Qb6 5. Nf3 Nc6 6. a3 c4 7. Nbd2 Na5 8. Be2 Bd7 9. Rb1 Qc7 10. h4 Ne7 11. h5 0-0-0 12. Qc2 h6 13. Bd1 Kb8 14. Nf1 Nc8 15. Bf4 Nb6 16. Bg3 Ba4 17. Qe2 Bxd1 18. Qxd1 Qc6 19. Ne3 Ka8 20. 0-0 Na4 21. Bh4 Rc8 22. Qc2 b5 23. Nh2 Qe8 24. f4 Be7 25. Bxe7 Qxe7 26. Nf3 Nc6 27. f5 Nb6 28. Ng4 Nd7 29. Rbe1 Rhg8 30. Ne3 a6 31. Qf2 Rcf8 32. Qg3 a5 33. Nh4 Qe8 34. Qh3 Kb7 35. fxe6 fxe6 36. Ng6 Rxf1+ 37. Rxf1 Nd8 38. Qf3 Nb6 39. Rf2 Qd7 40. Qf4 Re8 41. g4 1/2-1/2

[Event "Kavala op 32nd"]
[Site "Kavala"]
[Date "2023.07.29"]
[Round "3"]
[White "Sammed Jaykumar, Shete"]
[Black "Markidis, Konstantinos"]
[Result "1-0"]
[WhiteElo "2451"]
[BlackElo "2299"]
[PlyCount "115"]
[EventDate "2023.07.28"]
[EventType "swiss"]
[EventRounds "9"]
[EventCountry "GRE"]
[SourceTitle "CBM 215 Extra"]
[Source "ChessBase"]
[SourceDate "2023.09.30"]
[SourceVersion "1"]
[SourceVersionDate "2023.09.30"]
[SourceQuality "1"]

1. d4 Nf6 2. Nf3 e6 3. Bf4 d5 4. c3 Bd6 5. e3 0-0 6. Nbd2 c5 7. Bg3 Qc7 8. dxc5 Bxg3 9. hxg3 Qxc5 10. Bd3 h6 11. Rh4 Nbd7 12. g4 e5 13. g5 hxg5 14. Nxg5 e4 15. Bc2 Re8 16. Nf1 Re5 17. f4 exf3 18. Nxf3 Rh5 19. Rd4 Ne5 20. Qe2 Bg4 21. 0-0-0 Re8 22. Bb3 Nc6 23. Rf4 Rf5 24. Qc2 Rxf4 25. exf4 Bxf3 26. gxf3 Na5 27. Qf5 Nxb3+ 28. axb3 a5 29. Nd2 b5 30. Qg5 Qf2 31. Rg1 Re1+ 32. Rxe1 Qxe1+ 33. Kc2 b4 34. Qe5 Qxe5 35. fxe5 Nd7 36. Kd3 Nxe5+ 37. Kd4 f6 38. Kxd5 Kf7 39. Kd6 Ke8 40. c4 Kd8 41. c5 Nf7+ 42. Kc6 Kc8 43. Kb6 Ne5 44. c6 Ng6 45. Nc4 Ne7 46. Nxa5 g5 47. Nc4 Kb8 48. Nd6 Nd5+ 49. Kc5 Ne7 50. Ne4 Kc7 51. Nxf6 Nxc6 52. Ne4 Ne5 53. Nxg5 Nd3+ 54. Kd4 Ne1 55. f4 Kd6 56. Ke4 Nc2 57. Nf3 Na1 58. Nd4 1-0

[Event "Paleochora op 16th"]
[Site "Paleochora"]
[Date "2023.07.26"]
[Round "9"]
[White "Markidis, Konstantinos"]
[Black "Kourkoulos Arditis, Stamatis"]
[Result "0-1"]
[WhiteElo "2295"]
[BlackElo "2531"]
[PlyCount "44"]
[EventDate "2023.07.19"]
[EventType "swiss"]
[EventRounds "9"]
[EventCountry "GRE"]
[SourceTitle "EXT 2024"]
[Source "ChessBase"]
[SourceDate "2023.10.10"]
[SourceVersion "1"]
[SourceVersionDate "2023.10.10"]
[SourceQuality "1"]

1. e4 Nf6 2. e5 Nd5 3. d4 d6 4. c4 Nb6 5. exd6 cxd6 6. Nc3 g6 7. Be3 Bg7 8. Rc1 0-0 9. b3 Bf5 10. g4 Bd7 11. Bg2 Nc6 12. h3 e5 13. dxe5 dxe5 14. Nf3 f5 15. c5 e4 16. cxb6 exf3 17. Bxf3 f4 18. Qd5+ Kh8 19. Bd2 Nd4 20. Be4 Qe8 21. Qc4 Bb5 22. Qb4 a5 0-1

[Event "Paleochora op 16th"]
[Site "Paleochora"]
[Date "2023.07.24"]
[Round "7"]
[White "Markidis, Konstantinos"]
[Black "Zwardon, Vojtech"]
[Result "1/2-1/2"]
[WhiteElo "2295"]
[BlackElo "2486"]
[PlyCount "118"]
[EventDate "2023.07.19"]
[EventType "swiss"]
[EventRounds "9"]
[EventCountry "GRE"]
[SourceTitle "EXT 2024"]
[Source "ChessBase"]
[SourceDate "2023.10.10"]
[SourceVersion "1"]
[SourceVersionDate "2023.10.10"]
[SourceQuality "1"]

1. e4 c5 2. Nf3 Nc6 3. Bb5 g6 4. c3 Nf6 5. Qe2 Bg7 6. d4 d5 7. e5 Ne4 8. 0-0 0-0 9. Rd1 cxd4 10. cxd4 f6 11. Nc3 Nxc3 12. bxc3 Bg4 13. Bxc6 bxc6 14. e6 g5 15. h3 Bh5 16. Ba3 Re8 17. Rab1 Qc8 18. Re1 Bg6 19. Rb2 Rb8 20. Bc5 Rb7 21. Rb3 Qc7 22. Qa6 Reb8 23. Rb4 h5 24. Nd2 g4 25. hxg4 hxg4 26. Qe2 Bf5 27. Nf1 a5 28. Rxb7 Rxb7 29. Ng3 Qf4 30. Nh5 Qe4 31. Nxg7 Kxg7 32. Qd2 Qd3 33. Qf4 Qxc3 34. Re3 Qc1+ 35. Kh2 Kg6 36. Kg3 a4 37. a3 Qh1 38. Bb4 Qh8 39. f3 Qg8 40. Kf2 Bxe6 41. fxg4 Kf7 42. Rg3 Qg6 43. g5 Qc2+ 44. Kg1 Qb1+ 45. Kf2 Qe4 46. Qd2 Qh4 47. gxf6 exf6 48. Qc3 Rb8 49. Qc5 Qf4+ 50. Rf3 Qc7 51. Qc2 Rh8 52. Qc1 Bg4 53. Rc3 Rh5 54. Qe3 Qd7 55. Kg1 Bf5 56. Qf4 Rg5 57. Rg3 Rxg3 58. Qxg3 Be4 59. Qb8 Qe6 1/2-1/2

[Event "Paleochora op 16th"]
[Site "Paleochora"]
[Date "2023.07.20"]
[Round "3"]
[White "Markidis, Konstantinos"]
[Black "Rahman, Ziaur"]
[Result "1/2-1/2"]
[WhiteElo "2295"]
[BlackElo "2452"]
[PlyCount "39"]
[EventDate "2023.07.19"]
[EventType "swiss"]
[EventRounds "9"]
[EventCountry "GRE"]
[SourceTitle "EXT 2024"]
[Source "ChessBase"]
[SourceDate "2023.10.10"]
[SourceVersion "1"]
[SourceVersionDate "2023.10.10"]
[SourceQuality "1"]

1. e4 c5 2. Nf3 e6 3. g3 d5 4. exd5 exd5 5. d4 Nf6 6. Bg2 Be7 7. 0-0 0-0 8. Nc3 Nc6 9. dxc5 Bxc5 10. a3 Re8 11. b4 d4 12. Ne2 Bb6 13. Bb2 Bg4 14. h3 Bh5 15. Nf4 Bxf3 16. Qxf3 a5 17. Nd3 axb4 18. axb4 Qd6 19. Rxa8 Rxa8 20. Bc1 1/2-1/2

[Event "GRE-ch 71st"]
[Site "Athens"]
[Date "2022.12.08"]
[Round "6"]
[White "Skembris, Spyridon"]
[Black "Markidis, Konstantinos"]
[Result "1/2-1/2"]
[WhiteElo "2381"]
[BlackElo "2290"]
[PlyCount "62"]
[EventDate "2022.12.03"]
[EventType "tourn"]
[EventRounds "9"]
[EventCountry "GRE"]
[EventCategory "4"]
[SourceTitle "CBM 211 Extra"]
[Source "ChessBase"]
[SourceDate "2023.01.31"]
[SourceVersion "1"]
[SourceVersionDate "2023.01.31"]
[SourceQuality "1"]

1. c4 e6 2. Nf3 d5 3. e3 Nf6 4. Nc3 b6 5. b3 Bb7 6. Bb2 Nbd7 7. Be2 a6 8. 0-0 Bd6 9. Rc1 0-0 10. d4 Qe7 11. Rc2 Rac8 12. g3 Rfd8 13. cxd5 exd5 14. Nh4 g6 15. Bf3 Ne4 16. Bg2 Nxc3 17. Bxc3 Nf6 18. Bb2 a5 19. Re1 Bb4 20. Bc3 Ne4 21. Bxb4 axb4 22. Bxe4 dxe4 23. Qg4 c5 24. Rec1 Ba6 25. dxc5 bxc5 26. Ng2 Bd3 27. Rd2 c4 28. bxc4 Rxc4 29. Rcd1 Rc2 30. Nf4 Rxd2 31. Rxd2 Qc5 1/2-1/2

[Event "GRE-ch 71st"]
[Site "Athens"]
[Date "2022.12.03"]
[Round "1"]
[White "Trimitzios, Petros"]
[Black "Markidis, Konstantinos"]
[Result "1-0"]
[WhiteElo "2358"]
[BlackElo "2290"]
[PlyCount "131"]
[EventDate "2022.12.03"]
[EventType "tourn"]
[EventRounds "9"]
[EventCountry "GRE"]
[EventCategory "4"]
[SourceTitle "CBM 211 Extra"]
[Source "ChessBase"]
[SourceDate "2023.01.31"]
[SourceVersion "1"]
[SourceVersionDate "2023.01.31"]
[SourceQuality "1"]

1. c4 e6 2. Nf3 Nf6 3. g3 d5 4. Bg2 d4 5. e3 c5 6. exd4 cxd4 7. 0-0 Nc6 8. d3 Be7 9. Re1 Nd7 10. Na3 e5 11. Nc2 a5 12. Qe2 0-0 13. Nd2 Re8 14. b3 Nc5 15. Ba3 Bf8 16. Ne4 Nxe4 17. Bxe4 Nb4 18. Nxb4 axb4 19. Bc1 Bd6 20. f4 exf4 21. c5 Bc7 22. Bxf4 Bxf4 23. gxf4 g6 24. Qf2 Re7 25. Rac1 Be6 26. Qg2 Qc8 27. c6 bxc6 28. Rxc6 Qe8 29. Rb6 Rd8 30. Rf1 f5 31. Bc6 Qf8 32. Rxb4 Rc7 33. Rb7 Qd6 34. Rxc7 Qxc7 35. b4 Rd6 36. b5 Qa5 37. Rf2 Qc3 38. Qf3 Qa1+ 39. Kg2 Bxa2 40. Qe2 Be6 41. Qe5 Qa3 42. b6 Rxc6 43. b7 Rb6 44. b8Q+ Rxb8 45. Qxb8+ Kf7 46. Rc2 Bd7 47. Qb7 Qd6 48. Qf3 h6 49. h4 Kf6 50. Qa8 Kg7 51. Qa7 Kf7 52. Qc7 Qd5+ 53. Kf2 Qe6 54. Qc4 g5 55. hxg5 hxg5 56. fxg5 Qxc4 57. dxc4 Kg6 58. c5 d3 59. Rc3 Bb5 60. Ke1 f4 61. c6 f3 62. c7 f2+ 63. Kxf2 d2 64. c8Q d1Q 65. Qe6+ Kxg5 66. Rg3+ 1-0

[Event "GRE-chT 49th"]
[Site "Thessaloniki"]
[Date "2022.08.15"]
[Round "5"]
[White "Markidis, Konstantinos"]
[Black "Pagonis, Ioannis"]
[Result "1/2-1/2"]
[WhiteElo "2255"]
[BlackElo "1738"]
[PlyCount "65"]
[EventDate "2022.08.12"]
[EventType "team-swiss"]
[EventRounds "7"]
[EventCountry "GRE"]
[SourceTitle "EXT 2024"]
[Source "ChessBase"]
[SourceDate "2023.10.10"]
[SourceVersion "1"]
[SourceVersionDate "2023.10.10"]
[SourceQuality "1"]
[WhiteTeam "Alexanthroepoles Ethnikos"]
[BlackTeam "Patras EA"]
[WhiteTeamCountry "GRE"]
[BlackTeamCountry "GRE"]

1. e4 e5 2. Bc4 Nf6 3. d3 Nc6 4. Nf3 Be7 5. 0-0 0-0 6. Re1 d6 7. a4 a6 8. c3 Na5 9. Ba2 c5 10. Na3 b6 11. Bd2 Bb7 12. b4 cxb4 13. cxb4 Nc6 14. b5 axb5 15. axb5 Nb8 16. Nc4 Nbd7 17. Ne3 Nc5 18. Bc4 g6 19. Bb4 h6 20. h3 Kh7 21. Bxc5 bxc5 22. Qb3 Kg7 23. Rxa8 Qxa8 24. Re2 Nh5 25. Ra2 Qc8 26. Bd5 Nf4 27. Bxb7 Qxb7 28. b6 Rb8 29. Nc4 d5 30. exd5 Qxd5 31. Ne1 Bd8 32. Ra7 Rxb6 33. Qc2 1/2-1/2

[Event "Kavala op 31st"]
[Site "Kavala"]
[Date "2022.08.01"]
[Round "8"]
[White "Markidis, Konstantinos"]
[Black "Koutlas, Nikolaos"]
[Result "1/2-1/2"]
[WhiteElo "2259"]
[BlackElo "2314"]
[PlyCount "58"]
[EventDate "2022.07.26"]
[EventType "swiss"]
[EventRounds "9"]
[EventCountry "GRE"]
[SourceTitle "CBM 209 Extra"]
[Source "ChessBase"]
[SourceDate "2022.09.30"]
[SourceVersion "1"]
[SourceVersionDate "2022.09.30"]
[SourceQuality "1"]

1. e4 c5 2. Nf3 d6 3. Bb5+ Nd7 4. c3 Ngf6 5. Bd3 g6 6. Bc2 b5 7. d4 cxd4 8. cxd4 Bb7 9. Nbd2 Bg7 10. 0-0 0-0 11. Re1 e5 12. d5 a5 13. a4 bxa4 14. Rxa4 Ba6 15. Ra3 Qb6 16. h3 Rfc8 17. Nf1 Bxf1 18. Rxf1 Bh6 19. Rb3 Qxb3 20. Bxb3 Bxc1 21. Ba4 Bxb2 22. Bc6 Ra7 23. Qe2 Ba3 24. Rb1 Bb4 25. Ne1 Nc5 26. f3 Ncd7 27. Qa2 Bc5+ 28. Kh2 Nb8 29. Bb5 Na6 1/2-1/2

[Event "Kavala op 31st"]
[Site "Kavala"]
[Date "2022.07.30"]
[Round "6"]
[White "Markidis, Konstantinos"]
[Black "Schroeder, Jan Christian"]
[Result "0-1"]
[WhiteElo "2259"]
[BlackElo "2563"]
[PlyCount "70"]
[EventDate "2022.07.26"]
[EventType "swiss"]
[EventRounds "9"]
[EventCountry "GRE"]
[SourceTitle "CBM 209 Extra"]
[Source "ChessBase"]
[SourceDate "2022.09.30"]
[SourceVersion "1"]
[SourceVersionDate "2022.09.30"]
[SourceQuality "1"]

1. e4 e5 2. Nf3 Nc6 3. Bb5 a6 4. Ba4 Nf6 5. 0-0 Be7 6. Re1 b5 7. Bb3 d6 8. c3 0-0 9. h3 Na5 10. Bc2 c5 11. d4 Nd7 12. d5 Nb6 13. b3 Bd7 14. Nbd2 Qc7 15. Nf1 Rfc8 16. Ne3 c4 17. b4 Nb7 18. Nf5 Bf8 19. N3h4 Kh8 20. Re3 Be8 21. Rg3 f6 22. Qg4 Qf7 23. Be3 Na4 24. Bxa4 bxa4 25. Qe2 Bd7 26. Qd2 a5 27. Rb1 Rab8 28. Ba7 Nc5 29. Qc2 axb4 30. Rxb4 Rxb4 31. cxb4 Nd3 32. a3 g5 33. Nf3 Bxf5 34. exf5 Qxa7 35. h4 e4 0-1

[Event "Kavala op 31st"]
[Site "Kavala"]
[Date "2022.07.27"]
[Round "2"]
[White "Markidis, Konstantinos"]
[Black "Vrolijk, Liam"]
[Result "1/2-1/2"]
[WhiteElo "2259"]
[BlackElo "2464"]
[PlyCount "72"]
[EventDate "2022.07.26"]
[EventType "swiss"]
[EventRounds "9"]
[EventCountry "GRE"]
[SourceTitle "CBM 209 Extra"]
[Source "ChessBase"]
[SourceDate "2022.09.30"]
[SourceVersion "1"]
[SourceVersionDate "2022.09.30"]
[SourceQuality "1"]

1. e4 e5 2. Nf3 Nc6 3. Bb5 a6 4. Ba4 Nf6 5. 0-0 Be7 6. Re1 b5 7. Bb3 0-0 8. a4 Bb7 9. d3 d6 10. Nc3 b4 11. Nd5 Bc8 12. a5 Be6 13. Bd2 Rb8 14. Bc4 Bxd5 15. exd5 Na7 16. Bxa6 Nxd5 17. d4 exd4 18. Bc4 Nf6 19. Nxd4 g6 20. Qe2 Re8 21. Nb5 Bf8 22. Qd3 Rxe1+ 23. Bxe1 Nxb5 24. Bxb5 d5 25. c3 bxc3 26. bxc3 Bc5 27. c4 Qd6 28. h3 Ne4 29. Rd1 c6 30. cxd5 Nxf2 31. Bxf2 Bxf2+ 32. Kxf2 Rxb5 33. dxc6 Qxc6 34. Qd8+ Kg7 35. Qd4+ Kg8 36. Qd8+ Kg7 1/2-1/2

[Event "Titled Tuesday intern op 09th Nov"]
[Site "Chess.com INT"]
[Date "2021.11.09"]
[Round "8"]
[White "Eggleston, Thomas"]
[Black "Markidis, Konstantinos"]
[Result "0-1"]
[WhiteElo "2175"]
[BlackElo "2259"]
[PlyCount "98"]
[EventDate "2021.11.09"]
[EventType "swiss (blitz)"]
[EventRounds "11"]
[EventCountry "USA"]
[SourceTitle "CBM 205 Extra"]
[Source "ChessBase"]
[SourceDate "2022.01.31"]
[SourceVersion "1"]
[SourceVersionDate "2022.01.31"]
[SourceQuality "1"]

1. e4 e6 2. d4 d5 3. exd5 exd5 4. Nf3 Nf6 5. Bd3 Be7 6. 0-0 0-0 7. Re1 c5 8. dxc5 Bxc5 9. Bg5 h6 10. Bh4 Nc6 11. Nbd2 Bg4 12. c3 a6 13. h3 Bh5 14. Qc2 Qd6 15. b4 Ba7 16. Kh1 Rac8 17. Qb2 Rfe8 18. a3 Bxf3 19. Nxf3 Ne4 20. c4 g5 21. cxd5 Qxd5 22. Rad1 Nd4 23. Bxe4 Rxe4 24. Bg3 Nxf3 25. gxf3 Rxe1+ 26. Rxe1 Qxf3+ 27. Kh2 Rd8 28. Qe2 Qxe2 29. Rxe2 Rd3 30. Re7 Rxa3 31. Rxb7 Bd4 32. b5 axb5 33. Rxb5 Ra2 34. Kg2 Kg7 35. Kf3 f6 36. Rf5 Kg6 37. Rd5 Ra3+ 38. Ke4 Bb2 39. Rb5 Ba1 40. f4 f5+ 41. Kd5 Rd3+ 42. Ke6 Re3+ 43. Kd6 Bf6 44. fxg5 hxg5 45. Bf2 Rxh3 46. Bc5 Rd3+ 47. Ke6 Rd1 48. Rb3 Re1+ 49. Kd5 f4 0-1

[Event "Titled Tuesday intern op 09th Nov"]
[Site "Chess.com INT"]
[Date "2021.11.09"]
[Round "11"]
[White "Markidis, Konstantinos"]
[Black "Gelman, Alexander"]
[Result "1/2-1/2"]
[WhiteElo "2259"]
[BlackElo "2403"]
[PlyCount "106"]
[EventDate "2021.11.09"]
[EventType "swiss (blitz)"]
[EventRounds "11"]
[EventCountry "USA"]
[SourceTitle "CBM 205 Extra"]
[Source "ChessBase"]
[SourceDate "2022.01.31"]
[SourceVersion "1"]
[SourceVersionDate "2022.01.31"]
[SourceQuality "1"]

1. e4 c5 2. Nf3 e6 3. g3 Nc6 4. Bg2 Nf6 5. Nc3 d6 6. 0-0 Be7 7. d4 cxd4 8. Nxd4 Bd7 9. Nce2 0-0 10. c4 a6 11. b3 b5 12. cxb5 Nxd4 13. Nxd4 axb5 14. Be3 Qa5 15. h3 Rfc8 16. Re1 b4 17. Nc2 Rab8 18. Bd4 e5 19. Bb2 Bc6 20. Ne3 Qa8 21. Nf5 Bf8 22. Qe2 g6 23. Nh4 Bh6 24. Bc1 Bb5 25. Qb2 Bxc1 26. Raxc1 Rxc1 27. Rxc1 Bc6 28. f3 Bb5 29. f4 Rc8 30. Rxc8+ Qxc8 31. fxe5 dxe5 32. Qxe5 Qa6 33. Nf3 Nd7 34. Qe8+ Kg7 35. Ng5 Qf6 36. h4 h6 37. Nf3 Qb6+ 38. Kh2 Nf6 39. Qe5 Kh7 40. Qf4 Be2 41. e5 Nh5 42. Qxf7+ Ng7 43. Nd2 Qd4 44. Nc4 Bxc4 45. Qxc4 Qxe5 46. Qxb4 Nf5 47. Qf4 Qe2 48. a4 Ne3 49. Qf3 Ng4+ 50. Kh3 Nf2+ 51. Kh2 Ng4+ 52. Kh3 Nf2+ 53. Kh2 Ng4+ 1/2-1/2

[Event "Titled Tuesday intern op 09th Nov"]
[Site "Chess.com INT"]
[Date "2021.11.09"]
[Round "9"]
[White "Markidis, Konstantinos"]
[Black "Petrova, Irina"]
[Result "1-0"]
[WhiteElo "2259"]
[BlackElo "2141"]
[PlyCount "45"]
[EventDate "2021.11.09"]
[EventType "swiss (blitz)"]
[EventRounds "11"]
[EventCountry "USA"]
[SourceTitle "CBM 205 Extra"]
[Source "ChessBase"]
[SourceDate "2022.01.31"]
[SourceVersion "1"]
[SourceVersionDate "2022.01.31"]
[SourceQuality "1"]

1. e4 d6 2. d4 Nf6 3. Bd3 e5 4. c3 d5 5. dxe5 Nxe4 6. Nf3 Nc6 7. Nbd2 Nc5 8. Be2 Be7 9. 0-0 Bf5 10. Nd4 Nxd4 11. cxd4 Nd3 12. Bg4 Bxg4 13. Qxg4 Nxc1 14. Raxc1 0-0 15. f4 c5 16. Nf3 Rc8 17. f5 Kh8 18. Kh1 cxd4 19. Nxd4 Qb6 20. Rxc8 Rxc8 21. f6 gxf6 22. Qxc8+ Kg7 23. Nf5+ 1-0

[Event "Titled Tuesday intern op 09th Nov"]
[Site "Chess.com INT"]
[Date "2021.11.09"]
[Round "7"]
[White "Markidis, Konstantinos"]
[Black "Salinas Herrera, Pablo Patricio"]
[Result "0-1"]
[WhiteElo "2259"]
[BlackElo "2513"]
[PlyCount "130"]
[EventDate "2021.11.09"]
[EventType "swiss (blitz)"]
[EventRounds "11"]
[EventCountry "USA"]
[SourceTitle "CBM 205 Extra"]
[Source "ChessBase"]
[SourceDate "2022.01.31"]
[SourceVersion "1"]
[SourceVersionDate "2022.01.31"]
[SourceQuality "1"]

1. e4 c5 2. Nf3 e6 3. g3 d5 4. exd5 exd5 5. d4 Nc6 6. Bg2 Qe7+ 7. Be3 Bg4 8. 0-0 0-0-0 9. c3 Nf6 10. Qa4 c4 11. b3 Ne4 12. bxc4 dxc4 13. Qxc4 Qe6 14. Qxe6+ Bxe6 15. Nfd2 Nf6 16. Ne4 Nd5 17. Nbd2 Nb6 18. Ng5 Be7 19. Nxe6 fxe6 20. Bh3 Kd7 21. Rfe1 Rhe8 22. c4 Bf6 23. Rad1 Kc7 24. Bf4+ e5 25. dxe5 Bxe5 26. c5 Na4 27. Bxe5+ Nxe5 28. Bg2 Nb2 29. Rb1 Rxd2 30. f4 Rc2 31. fxe5 Re6 32. Bd5 Re7 33. e6 Rd2 34. Bb3 Nd3 35. Rf1 Nxc5 36. Rf7 Kd6 37. Rbf1 Nxe6 38. Rxe7 Kxe7 39. Re1 Rd6 40. Kf2 Kd7 41. Re4 Nc5 42. Rg4 Rf6+ 43. Ke3 g6 44. Rd4+ Kc7 45. Bd5 b6 46. Rc4 Rd6 47. Bf3 Rd3+ 48. Ke2 Ra3 49. Rc2 Kd6 50. Rd2+ Ke6 51. h4 h6 52. Kf2 Kf6 53. Kg2 g5 54. Rd6+ Ke5 55. Rxh6 Rxa2+ 56. Kh3 gxh4 57. Kxh4 Ra3 58. Bc6 Nd3 59. g4 Nf4 60. Kg5 Ne6+ 61. Kg6 Rg3 62. Rh4 a5 63. Bd7 Nf4+ 64. Kg5 Nd5 65. Bf5 Ne3 0-1

[Event "Titled Tuesday intern op 09th Nov"]
[Site "Chess.com INT"]
[Date "2021.11.09"]
[Round "3"]
[White "Markidis, Konstantinos"]
[Black "Todorovic, Bojan"]
[Result "1/2-1/2"]
[WhiteElo "2259"]
[BlackElo "2222"]
[PlyCount "113"]
[EventDate "2021.11.09"]
[EventType "swiss (blitz)"]
[EventRounds "11"]
[EventCountry "USA"]
[SourceTitle "CBM 205 Extra"]
[Source "ChessBase"]
[SourceDate "2022.01.31"]
[SourceVersion "1"]
[SourceVersionDate "2022.01.31"]
[SourceQuality "1"]

1. e4 e5 2. Nf3 Nc6 3. Bb5 Nf6 4. d3 Bc5 5. c3 0-0 6. 0-0 Re8 7. h3 d6 8. Re1 a6 9. Bxc6 bxc6 10. Nbd2 d5 11. Qc2 h6 12. Nb3 Ba7 13. Be3 Bxe3 14. Rxe3 Qd6 15. Rae1 Nd7 16. d4 exd4 17. Nbxd4 Nb6 18. exd5 Bd7 19. dxc6 Bxc6 20. Nxc6 Qxc6 21. Nd4 Qd7 22. Qe2 Rxe3 23. Qxe3 c5 24. Nf3 Rc8 25. b3 a5 26. c4 a4 27. Ne5 Qe6 28. Nd3 Qd6 29. Nf4 Rd8 30. h4 Qd2 31. Qxd2 Rxd2 32. Re2 Rd1+ 33. Kh2 a3 34. Re5 Nd7 35. Rd5 Rxd5 36. Nxd5 Ne5 37. Nc3 Nd3 38. Nb5 Nb4 39. Nxa3 Nxa2 40. Nc2 Nc1 41. b4 cxb4 42. Nxb4 Nb3 43. Kg3 f6 44. Kf3 Kf7 45. Ke3 Ke6 46. Nd3 g5 47. h5 f5 48. f3 Na5 49. g4 Nxc4+ 50. Ke2 fxg4 51. fxg4 Ne5 52. Nxe5 Kxe5 53. Ke3 Kd5 54. Kd3 Ke5 55. Ke3 Kd5 56. Kd3 Ke5 57. Ke3 1/2-1/2

[Event "Titled Tuesday intern op 09th Nov"]
[Site "Chess.com INT"]
[Date "2021.11.09"]
[Round "4"]
[White "Qashashvili, Alexandre"]
[Black "Markidis, Konstantinos"]
[Result "0-1"]
[WhiteElo "2505"]
[BlackElo "2259"]
[PlyCount "92"]
[EventDate "2021.11.09"]
[EventType "swiss (blitz)"]
[EventRounds "11"]
[EventCountry "USA"]
[SourceTitle "CBM 205 Extra"]
[Source "ChessBase"]
[SourceDate "2022.01.31"]
[SourceVersion "1"]
[SourceVersionDate "2022.01.31"]
[SourceQuality "1"]

1. e4 e6 2. d4 d5 3. exd5 exd5 4. Bf4 Nf6 5. Nf3 Be7 6. Bc4 dxc4 7. 0-0 0-0 8. c3 Bf5 9. h3 Nc6 10. Re1 Re8 11. Nbd2 Bd3 12. Ne5 Nxe5 13. Bxe5 Bd6 14. Qa4 Qd7 15. Qd1 Bxe5 16. dxe5 Nd5 17. Qg4 Qxg4 18. hxg4 f6 19. Nf3 Rad8 20. Rad1 Nf4 21. exf6 gxf6 22. Rxe8+ Rxe8 23. Nd4 Ne2+ 24. Nxe2 Rxe2 25. b3 b5 26. bxc4 bxc4 27. a4 Ra2 28. Re1 Kf7 29. g5 fxg5 30. Re5 Rxa4 31. Rxg5 Ra1+ 32. Kh2 a5 33. Rc5 Ke6 34. Rxc7 a4 35. Rc6+ Kd5 36. Rc8 Bc2 37. Rd8+ Ke6 38. Rd2 Bb3 39. Re2+ Kf6 40. Re1 Rxe1 41. Kg3 a3 42. f4 a2 43. Kg4 a1Q 44. g3 Qd1+ 45. Kh3 Rh1+ 46. Kg2 Qf1# 0-1

[Event "Titled Tuesday intern op 26th Oct"]
[Site "Chess.com INT"]
[Date "2021.10.26"]
[Round "9"]
[White "Markidis, Konstantinos"]
[Black "Dobrov, Vladimir"]
[Result "1/2-1/2"]
[WhiteElo "2240"]
[BlackElo "2478"]
[PlyCount "123"]
[EventDate "2021.10.26"]
[EventType "swiss (blitz)"]
[EventRounds "11"]
[EventCountry "USA"]
[SourceTitle "CBM 204 Extra"]
[Source "ChessBase"]
[SourceDate "2021.11.30"]
[SourceVersion "1"]
[SourceVersionDate "2021.11.30"]
[SourceQuality "1"]

1. e4 c6 2. d4 d5 3. Nc3 dxe4 4. Nxe4 Bf5 5. Ng3 Bg6 6. h4 h6 7. Nf3 Nd7 8. Bd3 Bxd3 9. Qxd3 e6 10. Bd2 Ngf6 11. 0-0-0 Qb6 12. Ne5 Be7 13. Ne4 Nxe5 14. dxe5 Nxe4 15. Qxe4 0-0-0 16. Be3 Qa6 17. a3 Rxd1+ 18. Rxd1 Qe2 19. g3 Rd8 20. Rxd8+ Bxd8 21. Qd3 Qxd3 22. cxd3 a6 23. Bc5 h5 24. d4 g5 25. hxg5 Bxg5+ 26. Kc2 h4 27. gxh4 Bxh4 28. f4 Kd7 29. Kd3 f5 30. exf6 Bxf6 31. Ke4 Bg7 32. a4 Bh6 33. b3 Bg7 34. a5 Ke8 35. f5 Kf7 36. Bb6 Bh6 37. Bd8 Bd2 38. Ke5 exf5 39. Kxf5 Ke8 40. Bb6 Kd7 41. Ke4 Bc3 42. Kd3 Be1 43. Kc4 Kd6 44. Bc5+ Ke6 45. b4 Bh4 46. Bb6 Bf6 47. Bc5 Bd8 48. Ba7 Bc7 49. Bc5 Bg3 50. Ba7 Be1 51. Bc5 Kf5 52. d5 Ke5 53. dxc6 bxc6 54. Bf8 Ke6 55. Kc5 Bxb4+ 56. Kxb4 Kd7 57. Kc5 Kc8 58. Bd6 Kb7 59. Be5 Ka8 60. Kxc6 Ka7 61. Kc7 Ka8 62. Kb6 1/2-1/2